000 01040aam a2200457a 44500
008 170913s2017 cat
017 _aGI-286-2012
020 _a9788487790683
020 _a9788496905795
041 _acat
041 _beng
041 _bfre
041 _bspa
080 _a599.4
100 _aFlaquer, Carles
_974668
245 _aEls ratpenats de Catalunya: Guia de camp
245 _cCarles Flaquer
245 _cXavier Puig
250 _a2a ed
260 _aFigueres
260 _bBrau
260 _c2017
300 _a141 p.
_bil.
365 _b15
365 _ceuros
500 _aBibliografia. Índex
520 _a30
546 _acatalà
591 _a10681
592 _aObra terminològica
593 _aDGA
594 _a10681
650 _aquiròpters
_973513
700 _aPuig, Xavier
_974669
901 _c<2017>
902 _a170913
942 _cMO
_n0
999 _c67187
_d67187